Pokemon commençant par la lettre V - Gen 1 à 9 - Statistiques

Statistiques générales
  • Ce quiz a été pris 39 fois
  • Le résultat moyen est 13 sur 26
Statistiques - réponses
Réponse % Correct
Vorastérie
68%
Vrombi
68%
Viridium
65%
Vrombotor
65%
Victini
61%
Voltorbe
58%
Voltoutou
58%
Vaututrice
55%
Volcanion
55%
Vostourno
55%
Vacilys
52%
Vipélierre
52%
Voltali
52%
Vortente
52%
Venalgue
48%
Vigoroth
48%
Virovent
48%
Volcaropod
48%
Vémini
45%
Venipatte
45%
Virevorreur
45%
Viskuse
42%
Vert-de-Fer
39%
Vivaldaim
39%
Vibraninf
35%
Verpom
32%
Aucun quiz correspondant
Distribution des résultats
% des personnes avec chaque résultat
Percentile par nombre de réponses
Votre historique - résultats
Vous n’avez pas pris ce quiz